000 00453nam a2200181 a 4500
001 18948
005 20180713212325.0
008 140415s1943 000 0 spa d
041 _aspa
082 _a869.8991
_bQUE
100 1 _aQUEIROZ, ECA DE
245 1 3 _aLA ILUSTRE CASA DE RAMIRES
250 _a2a ed.
260 _a[s.l.] :
_bESPASA-CALPE,
_c1943
300 _a252
490 _aAUSTRAL
_v209
650 1 4 _aNOVELA PORTUGUESA
999 _c18948
_d18948